Top 30 des villes d’Afrique qui ne sont pas des capitales - Statistiques

Statistiques générales
  • Ce quiz a été pris 343 fois
  • Le résultat moyen est 10 sur 30
Statistiques - réponses
Pays Ville Habitants % Correct
Nigéria Lagos 22 829 561
91%
Maroc Casablanca 4 270 750
87%
Égypte Alexandrie 5 278 745
86%
Côte d'Ivoire Abidjan 4 707 404
80%
Afrique du Sud Johannesbourg 4 949 347
76%
Maroc Marrakech 1 330 468
70%
Tanzanie Dar es Salam 5 572 776
67%
Algérie Oran 1 343 899
61%
Cameroun Douala 2 768 436
50%
Afrique du Sud Durban 3 661 911
45%
Bénin Cotonou 2 557 723
44%
Nigéria Kano 4 956 615
42%
Égypte Louxor 1 291 530
35%
Libye Benghazi 1 368 807
29%
Nigéria Ibadan 5 881 345
25%
RD Congo Lubumbashi 2 096 961
25%
Kenya Mombasa 1 535 899
24%
Nigéria Benin City 2 571 798
20%
Ghana Kumasi 2 477 604
16%
Nigéria Port Harcourt 2 306 662
16%
RD Congo Kisangani 1 602 144
9%
RD Congo Mbuji-Mayi 3 367 582
9%
Nigéria Aba 1 736 361
7%
Nigéria Kaduna 2 192 441
6%
Nigéria Onitsha 1 708 539
5%
Égypte Damiette 1 535 860
4%
Nigéria Oshogbo 2 088 527
4%
Nigéria Ogbomosho 1 334 387
2%
RD Congo Kikwit 1 326 068
1%
RD Congo Tshikapa 1 450 615
1%
Aucun quiz correspondant
Distribution des résultats
% des personnes avec chaque résultat
Percentile par nombre de réponses
Votre historique - résultats
Vous n’avez pas pris ce quiz